| 000 | 01641cam a2200421 a 4500 | ||
|---|---|---|---|
| 999 |
_c18795 _d18767 |
||
| 001 | 3035581 | ||
| 003 | EG-ScBUE | ||
| 005 | 20210314113521.0 | ||
| 008 | 951026r20061996xxk f b 001 0 eng d | ||
| 020 | _a0521475007 | ||
| 020 | _a9780521475006 | ||
| 040 |
_aDLC _beng _erda _cDLC _dDLC _dEG-ScBUE |
||
| 043 | _ae-uk-en | ||
| 082 | 0 | 4 |
_a822.309355 _bTRA _222 |
| 245 | 0 | 0 |
_aTravel and drama in Shakespeare's time / _cedited by Jean-Pierre Maquerlot and Michele Willems. |
| 250 | _aReprinted edition. | ||
| 264 | 1 |
_aCambridge : _bCambridge University Press, _c2006. |
|
| 300 |
_aix, 262 pages ; _c23 cm |
||
| 336 |
_2rdacontent _atext _btxt |
||
| 337 |
_2rdamedia _aunmediated _bn |
||
| 338 |
_2rdacarrier _avolume _bnc |
||
| 500 | _aReprint of the 1996 edition. | ||
| 504 | _aIncludes bibliographical references and index. | ||
| 600 | 1 | 7 |
_aShakespeare, William, _d1564-1616. _tTempest. _2BUEsh _936967 |
| 650 | 7 |
_aEnglish drama _yEarly modern and Elizabethan, 1500-1600 _xHistory and criticism. _2BUEsh _936968 |
|
| 650 | 7 |
_aTravelers in literature. _2BUEsh _936973 |
|
| 650 | 7 |
_aTravelers' writings, English _xHistory and criticism. _2BUEsh _936969 |
|
| 650 | 7 |
_aEnglish drama _y17th century _xHistory and criticism. _2BUEsh _936970 |
|
| 650 | 7 |
_aTravel writing _xHistory _y17th century. _2BUEsh _936971 |
|
| 650 | 7 |
_aRenaissance _zEngland. _2BUEsh _936972 |
|
| 650 | 7 |
_aTravelers in literature. _2BUEsh _936973 |
|
| 651 | _2BUEsh | ||
| 653 |
_cDecember2014 _bHHUUEENN |
||
| 655 |
_vReading book _934232 |
||
| 700 | 1 |
_aMaquerlot, Jean-Pierre, _eeditor. _936974 |
|
| 700 | 1 |
_aWillems, Michele, _eeditor. _936975 |
|
| 942 |
_2ddc _k822.309355 TRA _cBB |
||